000 00494nam a22001817a 4500
005 20260523164454.0
008 260523b |||||||| |||| 00| 0 eng d
020 _a9789360287740
_c2450.00
040 _aMAIN
041 _aEnglish
082 _a582.095496
_bNAI
100 _aNaithani, H.B.
_926911
245 _aTrees of Dehradun
260 _aDehradun
_bBishan Singh Mahindra Pal Singh
_c2026
300 _a572
650 _aUttarakhand Collection : Himalaya Collection
_913
942 _cBK
999 _c60884
_d60884